000 00742nam a2200241 a 4500
001 59994
003 BD-RjUL
005 20211209080807.0
008 161228s1977 enkab 000 0 eng d
020 _a0859890422
035 _a(BD-RjUL)60118
040 _aGIS
_cGIS
_dEQO
_beng
041 _aeng
082 _223
_a553.516
_bMUE 1977
100 1 _aMurray, John W.
_q(John William)
_9178486
245 1 0 _aEnvironments of limestone formation /
_cJ. W. Murray.
260 _aExeter, Eng. :
_bUniversity of Exeter,
_c1977
300 _a19 p. :
_bill. ;
_c21 cm.
500 _aAn inaugural lecture delivered in the University of Exeter on 30 April, 1976.
504 _aBibliography: p. 19.
650 0 _aLimestone.
_9178487
942 _2ddc
_cBK
999 _c59994
_d59994